| 000 | 02125nam a2200505 a 4500 | ||
|---|---|---|---|
| 999 |
_c39420 _d39420 |
||
| 003 | BLK | ||
| 005 | 20250119004103.0 | ||
| 008 | 180408b bul|||||r ||||||| ||bul|| | ||
| 010 | _aKNG00042773000 | ||
| 020 | _a978-954-528-728-2 | ||
| 020 | _a978-954-528-731-2 | ||
| 020 | _a978-954-491-338-0 | ||
| 020 | _a978-954-491-340-3 | ||
| 040 | _aBLK | ||
| 041 |
_aBUL _cBUL |
||
| 072 | 7 |
_2bullib _aН84 _xБългарска художествена литература Н |
|
| 080 |
_aБългарска литература _b821.163.2 _x-94 _z821.163.2-94 |
||
| 080 |
_b949.72.033/.04 _x(0:82-94) _z949.72.033/.04(0:82-94) |
||
| 100 | 1 |
_aЦанев, Стефан Неделчев _d1936- _gПисател, поет, драматург. _9364639 |
|
| 139 |
_aЦанев, Стефан Неделчев _bЦ 16 |
||
| 245 | 1 | 0 |
_aБългарски хроники _bПоема : Т. 1 - _cСтефан Неделчев Цанев. _nТ. 2 _p1453 - 1878 |
| 250 | _a2. доп. и попр. изд. | ||
| 257 | _aBGR | ||
| 260 |
_c2007 - _fПловдив : Жанет 45 |
||
| 300 | _c21 см | ||
| 380 | _aX | ||
| 500 | _aОфс. изд. | ||
| 650 | 0 |
_aБългария - история _9244493 |
|
| 651 | 4 |
_aБългария _9241624 |
|
| 653 | _aбългарска история | ||
| 653 | _aСредновековие | ||
| 653 | _aфеодализъм | ||
| 653 | _aосманско владичество | ||
| 653 | _aВъзраждане | ||
| 653 | _aосвободителни борби | ||
| 659 | _aН | ||
| 760 | 1 |
_aЦанев, Стефан Неделчев _b2. доп. и попр. изд. _dТруд, Жанет 45, 2007 _h352 с. _nКор. загл. Български хроники : История на нашия народ от 1453 г. до 1878 г. - Т. 2 вкл. кн. 3. - Съдържа и Кратка хронология. - 1. изд. 2007. _tТ. 2 1453 - 1878 |
|
| 852 | _aЦб 241580 | ||
| 856 | 4 | _qpdf | |
| 856 | 4 | _qpdf | |
| 942 |
_cKNG _n0 _016 |
||
| 944 |
_aCR _c09.12.2011 _lCRON CRON _k |
||
| 944 |
_aED _c17.07.2014 _lф / |
||
| 999 | _d39420 | ||